Consumer Behaviour in the Tourism Market Typology

Na minha lista:
Detalhes bibliográficos
Autor principal: Csikósová, Adriana
Outros Autores: Čulková, Katarína, Janošková, Mária, 1965-
Formato: Capítulo de Livro
Idioma:inglês
Tags: Adicionar Tag
Sem tags, seja o primeiro a adicionar uma tag!

MARC

LEADER 00000naa$a2200000$$$4500
001 0297276
005 20250528091457.5
041 0 |a eng 
044 |a CZ 
245 1 0 |a Consumer Behaviour in the Tourism Market Typology  |c Adriana Csikósová, Katarína Čulková, Mária Janošková 
100 1 |a Csikósová, Adriana 
700 1 |a Čulková, Katarína 
700 1 |a Janošková, Mária, 1965-